| 000 | 00700nam a2200241Ia 4500 | ||
|---|---|---|---|
| 005 | 20260121112826.0 | ||
| 008 | 9102 260114s9999 xx 000 0 eng d | ||
| 020 | _a9789812810885 | ||
| 037 | _aEBOOK | ||
| 040 |
_aCRL _beng _cCRL |
||
| 041 |
_aeng _2eng |
||
| 084 | _qCRL | ||
| 100 |
_aAntoniou G & Deremer D _9963827 |
||
| 245 | 0 | _aComputing and Information Technologies: Exploring Emerging Technologies, Procs of the Intl Conf | |
| 260 | _bWorld Scientific | ||
| 260 | _bWSPC | ||
| 260 | _c2001 | ||
| 650 |
_aComputer Science _9963828 |
||
| 856 | _uhttps://www.worldscientific.com/worldscibooks/10.1142/4817#t=toc | ||
| 942 | _cEBOOK | ||
| 999 |
_c1546402 _d1546402 |
||